[Event "BCF-chT4 0708 (4NCL)"]
[Site "England"]
[Date "2007.11.25"]
[Round "4.1"]
[White "Oliver, Huw"]
[Black "Reynolds, D Ian W"]
[Result "0-1"]
[WhiteElo "2160"]
[BlackElo "2077"]
[PlyCount "74"]
[EventDate "2007.09.15"]
[EventType "team-swiss"]
[EventRounds "11"]
[EventCountry "ENG"]
[SourceTitle "EXT 2009"]
[Source "ChessBase"]
[SourceDate "2008.11.26"]
[SourceVersion "1"]
[SourceVersionDate "2008.11.26"]
[SourceQuality "1"]
[WhiteTeam "Bristol II"]
[BlackTeam "Anglian Avengers II"]
[WhiteTeamCountry "ENG"]
[BlackTeamCountry "ENG"]

1. d4 Nf6 2. Nc3 d5 3. Bg5 c5 4. Bxf6 gxf6 5. e4 dxe4 6. dxc5 f5 7. Qxd8+ Kxd8 8. 0-0-0+ Bd7 9. b4 Bg7 10. Nge2 Nc6 11. b5 Ne5 12. Nd4 Ke8 13. Nd5 Rc8 14. b6 axb6 15. cxb6 e6 16. Nc7+ Ke7 17. Ndb5 Ng4 18. Nd6 Nxf2 19. Nxc8+ Rxc8 20. Rxd7+ Kxd7 21. Bb5+ Ke7 22. Rf1 Bd4 23. Be2 Bxb6 24. Nb5 Nd3+ 25. Kb1 Nb4 26. c3 Nd5 27. g4 fxg4 28. Bxg4 Ne3 29. Rf4 f5 30. Be2 Rg8 31. Kc1 Rg2 32. Rh4 Rxe2 33. Rxh7+ Kf6 34. Rxb7 Nc4 35. h4 Be3+ 36. Kb1 Re1+ 37. Kc2 Rc1+ 0-1

[Event "WLS-ch"]
[Site "Hensol Park"]
[Date "2007.04.07"]
[Round "3"]
[White "Oliver, Huw"]
[Black "Sully, David John"]
[Result "1/2-1/2"]
[WhiteElo "2075"]
[BlackElo "2135"]
[PlyCount "88"]
[EventDate "2007.04.06"]
[EventType "swiss"]
[EventRounds "7"]
[EventCountry "WLS"]
[SourceTitle "CBM 118 Extra"]
[Source "ChessBase"]
[SourceDate "2007.07.04"]
[SourceVersion "1"]
[SourceVersionDate "2007.07.04"]
[SourceQuality "1"]

1. d4 e6 2. e4 d5 3. Nc3 Nf6 4. Bg5 dxe4 5. Nxe4 Be7 6. Bxf6 Bxf6 7. Nf3 Nd7 8. Bc4 0-0 9. Qe2 a6 10. 0-0-0 b5 11. Bb3 Bb7 12. h4 Be7 13. Nfg5 Nf6 14. Kb1 Nxe4 15. Nxe4 a5 16. c3 Bd5 17. Bc2 f5 18. Nd2 a4 19. Qxb5 Ba3 20. Qe2 Qb8 21. b3 axb3 22. Bxb3 Qb6 23. Kc2 Bxb3+ 24. axb3 Rfb8 25. Ra1 c5 26. dxc5 Bxc5 27. Rhe1 Bxf2 28. Rxa8 Rxa8 29. Qxe6+ Qxe6 30. Rxe6 Bxh4 31. b4 Bf6 32. Kb3 Rd8 33. Nf3 Kf7 34. Rc6 g5 35. b5 g4 36. Ne1 Rd1 37. Nc2 Rb1+ 38. Kc4 Bxc3 39. Kxc3 Rxb5 40. Kd3 f4 41. Ke4 f3 42. g3 f2 43. Ne3 Rb1 44. Rc7+ Kg6 1/2-1/2